| 000 | 00569nam a22001695i 4500 | ||
|---|---|---|---|
| 001 | 173724 | ||
| 003 | ES-MaACL | ||
| 005 | 20230906215326.0 | ||
| 008 | 100113s2009 sp |||| | spa d | ||
| 080 | _a791.44 Alonso, Lisandro | ||
| 100 | 1 |
_aRodríguez, Luis Miguel. _9141922 |
|
| 245 | 1 | 0 |
_aLisandro Alonso _b: entre el cine y la filosofía / _cLuis Miguel Rodríguez. |
| 260 |
_aMadrid : _bAsociación de Amigos del Cine Experimental de Madrid, _c[2009] |
||
| 300 |
_a142 p. : _bil. ; _c21 cm. |
||
| 600 | 1 | 4 |
_aAlonso, Lisandro. _9141923 |
| 852 |
_aES-MaACL _jL-8721 |
||
| 999 |
_c173724 _d173724 |
||